Biochimija životnych / S.I. Afonskij

Main Author: Afonskij, Sergej Ivanovič, 1896-1968
Language: Russian
Published: Moskva : Vysšaja škola, 1960
Physical Description: 619 s. : il.
Book
Saved in:
LEADER 00702nam a22002292a 4500
001 001390772
003 CZ BrMZK
005 20140922174428.0
007 ta
008 140528s1960 ru a er|||||||||||rus d
040 |a OLA001  |b cze  |d ABD012  |d BOA001 
080 |a 577 
100 1 |a Afonskij, Sergej Ivanovič,  |d 1896-1968  |7 xx0171687  |4 aut 
245 1 0 |a Biochimija životnych /  |b S.I. Afonskij 
260 |a Moskva :  |b Vysšaja škola,  |c 1960 
300 |a 619 s. :  |b il. 
504 |a Obsahuje bibliografii 
650 0 7 |a biochemie  |7 ph114149  |2 czenas 
910 |a BOA001  |b 2-0451.236 
990 |a BK 
991 |b 201405 
996 7 |b 2619084674  |c 2-0451.236  |l MZK  |r Sklad / do 24 hodin  |n 0  |w 001425702  |u 000010  |a 1  |e BOA001  |j MZK50  |s A